000 00436nam a2200181Ia 4500
003 OSt
005 20260108155434.0
008 251219s9999 xx 000 0 und d
020 _a9780143457121
041 _aeng
082 _a658.421
_bNAT DB3234
100 _aNath D
_9215958
245 _aDream Founder
260 _bPenguin Business/India
_c2022
300 _a237
_bPaper Back
500 _aEntrepreneurship
942 _2ddc
_cDB
999 _c369488
_d369488